Olympischer Medaillenspiegel - Taekwondo - Statistiken

Allgemein
  • Dieses Quiz wurde 24 mal gespielt
  • Das Durchschnittsergebnis liegt bei 7 aus 13
Antwortstatistiken
Gesamt Gold Silber Bronze Land % Korrekt
11 7 1 3 China
96%
22 12 3 7 Südkorea
96%
10 3 2 5 Vereinigte Staaten
91%
7 1 5 1 Spanien
70%
8 0 3 5 Frankreich
65%
9 2 3 4 Großbritannien
48%
6 1 2 3 Thailand
48%
9 2 1 6 Taiwan
43%
10 1 4 5 Turkei
35%
7 2 2 3 Mexiko
30%
6 2 1 3 Iran
26%
5 1 0 4 Kroatien
13%
6 1 2 3 Kuba
13%
Keine übereinstimmenden Quizze gefunden
Verteilung der Resultate
Anzahl Personen mit jedem Resultat
Perzentil nach korrekt beantworteten Fragen
Ihre Resultats-Entwicklung
Sie haben dieses Quiz noch nicht gespielt